00281nam a22001097a 4500020001800000082001200018100003600030245004600066260002600112300000700138650002600145 a9780070588516 a540 COU aCourse in Chemistry for IIT-JEE aCourse in Chemistry for IIT-JEE 2005-2006 aNew DelhibTatac2005 aV. achemistry,2005 papers